[Event "DSJ Weihnachtsturnier U20 2020"]
[Site "https://play.chessbase.com/en/play?room=DSJWeihnachtU20"]
[Date "2020.12.29"]
[Round "7"]
[White "Hupfer, Maurice"]
[Black "Scheuer, Adrian"]
[Result "0-1"]
[Termination "normal"]
[Board "22.1"]
[WhiteElo "1484"]
[BlackElo "1600"]
[WhiteTeam "Schachfreunde Greiz"]
[BlackTeam "SC 1948 Ersingen"]
[PlyCount "92"]
[WhiteFideId "34641475"]
[BlackFideId "34673741"]
[EventRounds "7"]
[EventType "team-swiss"]
[EventDate "2020.12.29"]

1. e4 {[%emt 0:00:04]} c5 {[%emt 0:00:02]} 2. b4 {[%emt 0:00:02]} e6 {[%emt
0:00:03]} 3. bxc5 {[%emt 0:00:03]} Bxc5 {[%emt 0:00:05]} 4. d4 {[%emt 0:00:02]}
Bb6 {[%emt 0:00:03]} 5. Nf3 {[%emt 0:00:04]} Ne7 {[%emt 0:00:06]} 6. Be2 {
[%emt 0:00:16]} O-O {[%emt 0:00:05]} 7. O-O {[%emt 0:00:05]} d5 {[%emt 0:00:09]
} 8. e5 {[%emt 0:00:13]} h6 {[%emt 0:00:04]} 9. c3 {[%emt 0:00:03]} Nbc6 {
[%emt 0:00:03]} 10. Nbd2 {[%emt 0:00:06]} Bd7 {[%emt 0:00:00]} 11. Bd3 { [%emt
0:00:02]} Rc8 {[%emt 0:00:13]} 12. Bb2 {[%emt 0:00:05]} Ng6 {[%emt 0:02:10]}
13. g3 {[%emt 0:00:12]} f5 {[%emt 0:00:10]} 14. exf6 {[%emt 0:00:28]} Qxf6
{[%emt 0:00:04]} 15. Ba3 {[%emt 0:00:19]} Rf7 {[%emt 0:00:15]} 16. Qc2 { [%emt
0:00:13]} Nge7 {[%emt 0:00:03]} 17. Rac1 {[%emt 0:00:19]} Bxd4 {[%emt 0:00:41]}
18. Bxe7 {[%emt 0:00:21]} Rxe7 {[%emt 0:00:22]} 19. Qb3 {[%emt 0:00:27] } Bb6
{[%emt 0:00:18]} 20. Nh4 {[%emt 0:00:18]} Ne5 {[%emt 0:00:17]} 21. Be2 { [%emt
0:00:10]} Bc6 {[%emt 0:00:30]} 22. Nhf3 {[%emt 0:00:24]} Nxf3+ {[%emt 0:00:21]}
23. Bxf3 {[%emt 0:00:05]} Rf8 {[%emt 0:00:18]} 24. Kg2 {[%emt 0:00:50]} Ref7
{[%emt 0:00:52]} 25. Qd1 {[%emt 0:00:13]} e5 {[%emt 0:00:32]} 26. c4 { [%emt
0:00:14]} e4 {[%emt 0:00:12]} 27. Be2 {[%emt 0:00:03]} dxc4 {[%emt 0:00:05]}
28. Bxc4 {[%emt 0:00:04]} e3+ {[%emt 0:00:03]} 29. f3 {[%emt 0:00:17]} exd2
{[%emt 0:00:08]} 30. Qxd2 {[%emt 0:00:03] SF-Greiz001 offers a draw} Bxf3+
{[%emt 0:00:22]} 31. Rxf3 {[%emt 0:00:53]} Qxf3+ {[%emt 0:00:05]} 32. Kh3 {
[%emt 0:00:02]} Kh8 {[%emt 0:01:01]} 33. Bxf7 {[%emt 0:00:05]} Qxf7 {[%emt
0:00:03]} 34. a4 {[%emt 0:00:47]} Qh5+ {[%emt 0:00:03]} 35. Kg2 {[%emt
0:00:11]} Rf2+ {[%emt 0:00:01]} 36. Qxf2 {[%emt 0:00:01]} Bxf2 {[%emt 0:00:01]}
37. Kxf2 {[%emt 0:00:01]} Qxh2+ {[%emt 0:00:06]} 38. Kf3 {[%emt 0:00:04]} Qd2
{[%emt 0:00:07]} 39. Rc8+ {[%emt 0:00:03]} Kh7 {[%emt 0:00:02]} 40. Rc7 {[%emt
0:00:06]} a6 {[%emt 0:00:01]} 41. g4 {[%emt 0:00:11]} Qd5+ {[%emt 0:00:08]} 42.
Ke2 { [%emt 0:00:05]} Qe6+ {[%emt 0:00:04]} 43. Kf3 {[%emt 0:00:04]} Qf6+
{[%emt 0:00:08]} 44. Kg2 {[%emt 0:00:05]} Qf4 {[%emt 0:00:05]} 45. Rc3 {[%emt
0:00:15]} Qxg4+ {[%emt 0:00:03]} 46. Rg3 {[%emt 0:00:02]} Qxa4 {[%emt 0:00:06]}
0-1

[Event "DSJ Weihnachtsturnier U20 2020"]
[Site "https://play.chessbase.com/en/play?room=DSJWeihnachtU20"]
[Date "2020.12.29"]
[Round "7"]
[White "Wilczek, Mailo"]
[Black "Ruf, David"]
[Result "0-1"]
[Termination "normal"]
[Board "22.3"]
[WhiteElo "1232"]
[BlackElo "1581"]
[WhiteTeam "Schachfreunde Greiz"]
[BlackTeam "SC 1948 Ersingen"]
[PlyCount "74"]
[WhiteFideId "34663045"]
[BlackFideId "16297636"]
[EventRounds "7"]
[EventType "team-swiss"]
[EventDate "2020.12.29"]

1. e4 {[%emt 0:00:06]} c5 {[%emt 0:00:02]} 2. Nf3 {[%emt 0:00:03]} Nc6 { [%emt
0:00:03]} 3. d4 {[%emt 0:00:01]} cxd4 {[%emt 0:00:02]} 4. Nxd4 {[%emt 0:00:00]}
Nf6 {[%emt 0:00:02]} 5. Nc3 {[%emt 0:00:04]} e6 {[%emt 0:00:03]} 6. Nxc6 {[%emt
0:00:08]} bxc6 {[%emt 0:00:06]} 7. Bd3 {[%emt 0:00:02]} Bb4 { [%emt 0:00:32]}
8. Bd2 {[%emt 0:00:07]} Qb6 {[%emt 0:00:15]} 9. Qe2 {[%emt 0:00:33]} Bc5 {[%emt
0:00:50]} 10. e5 {[%emt 0:00:20]} Nd5 {[%emt 0:00:23]} 11. Ne4 {[%emt 0:00:06]}
Qxb2 {[%emt 0:00:23]} 12. O-O {[%emt 0:00:06]} Qxe5 { [%emt 0:00:11]} 13. Nxc5
{[%emt 0:00:05]} Qd6 {[%emt 0:01:09]} 14. Ne4 { [%emt 0:00:25]} Qe7 {[%emt
0:00:13]} 15. Bg5 {[%emt 0:00:12]} f6 {[%emt 0:00:05]} 16. Bh4 {[%emt 0:00:06]}
O-O {[%emt 0:00:09]} 17. Bg3 {[%emt 0:00:14]} f5 {[%emt 0:00:21]} 18. Bd6
{[%emt 0:00:09]} Qf7 {[%emt 0:00:44]} 19. Bxf8 { [%emt 0:00:04]} fxe4 {[%emt
0:00:08]} 20. Qxe4 {[%emt 0:00:09]} Nf6 {[%emt 0:00:33]} 21. Qh4 {[%emt
0:00:21]} Qxf8 {[%emt 0:00:06]} 22. Rfe1 {[%emt 0:00:05] } d5 {[%emt 0:00:12]}
23. Re3 {[%emt 0:00:02]} Bd7 {[%emt 0:00:13]} 24. Rf3 { [%emt 0:00:05]} Re8
{[%emt 0:00:23]} 25. g4 {[%emt 0:00:46]} e5 {[%emt 0:00:41] } 26. g5 {[%emt
0:00:20]} e4 {[%emt 0:00:16]} 27. gxf6 {[%emt 0:00:29]} exf3 { [%emt 0:00:21]}
28. Bxh7+ {[%emt 0:00:25]} Kf7 {[%emt 0:00:14]} 29. Bg6+ { [%emt 0:00:03]} Kxg6
{[%emt 0:00:07]} 30. Qg3+ {[%emt 0:00:04]} Kf7 {[%emt 0:00:02]} 31. Qxf3 {[%emt
0:00:03]} gxf6 {[%emt 0:00:02]} 32. Kh1 {[%emt 0:00:06] } Qg7 {[%emt 0:00:06]}
33. Rg1 {[%emt 0:00:04]} Qh7 {[%emt 0:00:12]} 34. Qg3 { [%emt 0:00:10]} Bf5
{[%emt 0:00:14]} 35. Qc7+ {[%emt 0:00:10]} Re7 {[%emt 0:00:07]} 36. Qxc6 {[%emt
0:00:07]} Be4+ {[%emt 0:00:02]} 37. Rg2 {[%emt 0:00:06]} Qg6 {[%emt 0:00:05]}
0-1